| 000 | 00318nam a2200121Ia 4500 | ||
|---|---|---|---|
| 008 | 230907s9999||||xx |||||||||||||| ||und|| | ||
| 082 |
_a621.4021 _bCEN |
||
| 100 | _aÇengel, Yunus A. | ||
| 245 | 0 | _aThermodynamics : | |
| 260 |
_aMcGraw-Hill, _bNew York, NY : _c2011 |
||
| 300 | _axxiii, 1024 pages : | ||
| 942 |
_cBK _2ddc |
||
| 999 |
_c598888 _d598888 |
||